书目信息 |
| 题名: |
恋练有词
|
|
| 作者: | 朱伟 , 唐迟 编著 | |
| 分册: | ||
| 出版信息: | 杭州 浙江教育出版社 2015.07 |
|
| 页数: | 328页 | |
| 开本: | 16cm | |
| 丛书名: | ||
| 单 册: | ||
| 中图分类: | H313 | |
| 科图分类: | ||
| 主题词: | 英语 | |
| 电子资源: | ||
| ISBN: | 978-7-5536-3140-0 | |
| 000 | 00700nam0 2200217 450 | |
| 001 | 2455714929 | |
| 005 | 20240527153228.61 | |
| 010 | @a978-7-5536-3140-0@dCNY18.00 | |
| 100 | @a20240527d2015 km y0chiy0120 ea | |
| 101 | 0 | @achi |
| 102 | @aCN@b330000 | |
| 200 | 1 | @a恋练有词@ALian Lian You Ci@e考研英语词汇识记与应用大全@f朱伟,唐迟编著@FZhu Wei,Tang Chi Bian Zhu |
| 210 | @a杭州@c浙江教育出版社@d2015.07 | |
| 215 | @a328页@d16cm | |
| 517 | 1 | @a考研英语词汇识记与应用大全@AKao Yan Ying Yu Ci Hui Shi Ji Yu Ying Yong Da Quan |
| 606 | 0 | @a英语 |
| 690 | @aH313@v4 | |
| 701 | 0 | @a朱伟@AZhu Wei@4编著 |
| 701 | 0 | @a唐迟@ATang Chi@4编著 |
| 801 | 0 | @aCN@b河南城建学院图书馆@c20240527 |
| 905 | @dH313@eZ8834 | |
| 恋练有词:考研英语词汇识记与应用大全/朱伟,唐迟编著.-杭州:浙江教育出版社,2015.07 |
| 328页;16cm |
| ISBN 978-7-5536-3140-0:CNY18.00 |
| ● |
| 相关链接 |
|
|
|
正题名:恋练有词
索取号:H313/Z8834
 
预约/预借
| 序号 | 登录号 | 条形码 | 馆藏地/架位号 | 状态 | 备注 |
| 1 | 1552768 | 215527687 | 语言库209/209语言库 31排1列1层/ [索取号:H313/Z8834] | 在馆 |